Manufacturing matters (Record no. 67888)

MARC details
000 -LEADER
fixed length control field 01409cam a2200289 4500
001 - CONTROL NUMBER
control field ABS64283
008 - FIXED-LENGTH DATA ELEMENTS--GENERAL INFORMATION
fixed length control field 010803n2001 000 0 eng u
035 ## - SYSTEM CONTROL NUMBER
System control number (Sirsi) u113932
245 ## - TITLE STATEMENT
Title Manufacturing matters
260 ## - PUBLICATION, DISTRIBUTION, ETC.
Date of publication, distribution, etc. 2001
490 ## - SERIES STATEMENT
Series statement Machinery Market
Volume/sequential designation (5250) 12 July 2001, 18-20(3)
520 ## - SUMMARY, ETC.
Summary, etc. Article which considers how the importance of manufacturing has been neglected over the years by successive governments. Describes issues raised at the Transport and General Workers Union (TGWU) conference and the launch of "Manufacturing matters", an industrial strategy document from the TGWU that outlines the decline of manufacturing in the Uk compared with the US, France and Germany. The document lists a number of weaknesses that are holding back the performance of the manufacturing industry; such as the need for greater investment per worker and a shortfall in skills to be made up. In order to make government's industrial policy work, also calls for a Manufacturing Unit in the DTI. Graphs.
590 ## - LOCAL NOTE (RLIN)
Local note ABS
650 ## - SUBJECT ADDED ENTRY--TOPICAL TERM
Topical term or geographic name entry element MANUFACTURING INDUSTRY
650 ## - SUBJECT ADDED ENTRY--TOPICAL TERM
Topical term or geographic name entry element DECLINE
650 ## - SUBJECT ADDED ENTRY--TOPICAL TERM
Topical term or geographic name entry element INVESTMENT PERFORMANCE
650 ## - SUBJECT ADDED ENTRY--TOPICAL TERM
Topical term or geographic name entry element GOVERNMENT
650 ## - SUBJECT ADDED ENTRY--TOPICAL TERM
Topical term or geographic name entry element DTI
650 ## - SUBJECT ADDED ENTRY--TOPICAL TERM
Topical term or geographic name entry element SKILLS GAP
650 ## - SUBJECT ADDED ENTRY--TOPICAL TERM
Topical term or geographic name entry element GERMANY
650 ## - SUBJECT ADDED ENTRY--TOPICAL TERM
Topical term or geographic name entry element FRANCE
650 ## - SUBJECT ADDED ENTRY--TOPICAL TERM
Topical term or geographic name entry element UNITED STATES
650 ## - SUBJECT ADDED ENTRY--TOPICAL TERM
Topical term or geographic name entry element INDUSTRIAL POLICY
650 ## - SUBJECT ADDED ENTRY--TOPICAL TERM
Topical term or geographic name entry element TRANSPORT AND GENERAL WORKERS UNION
690 ## - LOCAL SUBJECT ADDED ENTRY--TOPICAL TERM (OCLC, RLIN)
Topical term or geographic name as entry element INVESTMENT
942 ## - ADDED ENTRY ELEMENTS (KOHA)
Suppress in OPAC 0
Holdings
Withdrawn status Lost status Source of classification or shelving scheme Damaged status Not for loan Home library Current library Shelving location Date acquired Total Checkouts Full call number Barcode Date last seen Copy number Price effective from Koha item type
    Dewey Decimal Classification     London London Journal article 03/08/2001   ABS64283 113932-1001 06/08/2019 1 06/08/2019 Journal article